000 00396nam a2200133Ia 4500
008 151001s9999||||xx |||||||||||||| ||und||
100 _aसुधाकर सातोस्कर
245 _aदेवाघरची नाती
250 _a1
260 _bमॅजेस्टीक प्रकाशन मुंबई
260 _c1985
300 _a85
365 _b18
999 _c965664
_d965661